000 00302nam a22001217a 4500
008 181129b xxu||||| |||| 00| 0 eng d
041 _aeng
080 _a043.3
100 _a0
101 _aBTH-MBE
245 _aNdikimi i Investimeve të huaja në zhvillimin e shtetit
_cKrasniqi,G
942 _2udc
_cBK
999 _c52634
_d52634